Statistics for A-Z Countries by Middle Letter

Click here to take the quiz!

General Stats

  • This quiz has been taken 62 times
  • The average score is 12 of 18

Answer Stats

Letter # % Correct
A21
94%
I9
83%
M4
83%
R7
81%
L6
81%
N10
79%
P3
75%
T5
75%
D4
74%
E10
70%
G4
68%
U4
64%
K1
60%
O5
60%
B2
58%
Y1
47%
Z1
40%
V1
15%

Score Distribution

Percentile by Number Answered

Percent of People with Each Score

Your Score History

You have not taken this quiz